000
00319nam a22001457a 4500
008
221122b ||||| |||| 00| 0 eng d
020
_a
9781584265122
041
_a
eng
080
_a
610.73
082
_a
610.73 GIA
100
_a
9
101
_a
INF
245
_a
CLINICAL CODING WORKOUT
_c
BLOCK J
942
_2
udc
_c
BK
999
_c
59009
_d
59009